| 000 | 00541nam a22001577a 4500 | ||
|---|---|---|---|
| 999 |
_c535351 _d535351 |
||
| 020 | _qHard Cover. | ||
| 082 | _a620.1 | ||
| 100 | _aBasit, Kinza | ||
| 245 |
_aSTUDY THE EMPIRICAL RELATION BETWEEN THE ACOUSTIC SIGNALS AND MULTI CONTACT WEAR MECHANISMS / _cKinza Basit, |
||
| 260 |
_aIslamabad : _bPNEC - NUST, _c2015. |
||
| 300 |
_axi, 52 p. : ill. ; _c30cm. |
||
| 942 |
_2ddc _cTHE |
||
| 650 |
_aMechanical Engineering MS-Thesis. _916090 |
||
| 700 |
_aDr. Muhammad Ali Khan. _929779 |
||